000
00282nam a22001217a 4500
082
_a
621.8 RYD'T
100
_a
RYDER, G. H
_9
40742
245
_a
THEORY OF MACHINES THROUGH WORKED EXAMPLES
250
_a
2ND
260
_a
LONDON
_b
CLEAVER HUME
_c
1956
300
_a
256P
942
_c
BK
999
_c
581793
_d
581793